Model formatiu i criteris per a la planificació de formació /
Descripción Física:
50 pàgines il·lustracions ; 30 cm
Materias:
Consorci de Recursos i Documentació per a l'Autonomia Personal
; Mentoria en l'empresa -- Barcelona (Província)
Idioma:
Catalán
MARC
| LEADER | 00000nam a2200000 a 4500 | ||
|---|---|---|---|
| 001 | 26297 | ||
| 008 | 220720b spa||||| |||| 00| 0 cat d | ||
| 080 | |a Bib-825 | ||
| 110 | 2 | |a Consorci de Recursos i Documentació per a l'Autonomia Personal |9 53949 | |
| 245 | 0 | 0 | |a Model formatiu i criteris per a la planificació de formació / |c Consorci de Recursos i Documentació per a l'Autonomia Personal |
| 260 | |a Barcelona : |b Diputació de Barcelona. Xarxa de Municipis, |c 2000? | ||
| 300 | |a 50 pàgines |b il·lustracions ; |c 30 cm | ||
| 610 | 2 | 0 | |a Consorci de Recursos i Documentació per a l'Autonomia Personal |9 53949 |
| 650 | 0 | |9 53950 |a Mentoria en l'empresa |z Barcelona (Província) | |
| 710 | 1 | |a Barcelona (Catalunya : Província). |b Diputació |9 52408 | |
| 942 | |2 udc |c ARXIU |n 1 | ||
| 952 | |0 0 |1 0 |4 0 |6 BIB825 |7 1 |9 62833 |a Arxiu |b Arxiu |d 2022-07-20 |l 0 |o Bib-825 |p 26297 |r 2022-07-20 00:00:00 |w 2022-07-20 |y ARXIU | ||
| 999 | |c 82308 |d 82308 | ||